000 00366nam a22001577a 4500
003 CEME
005 20210628203912.0
008 210308b xxu||||| |||| 00| 0 eng d
040 _c.
082 _a0333 WAS
100 _aPrinter Les
_967775
245 _aMicrosoft fox pro 2.5 programming
260 _aRAWALPINDI
_bPDF
_c1994
300 _aPDF
942 _cBK
_2ddc
999 _c575484
_d575484